Centrum ďalšieho vzdelávania ekonomickej univerzity v Bratislave

Charakteristika Centra ďalšieho vzdelávania Ekonomickej univerzity v Bratislave. Je súčasťou EU BA. Budovanie portfólia certifikátov aktivít . Centrum je nositeľom akreditácie MŠ SR. Inštitút ekonomického znalectva a expertíz. Vzdelávacia ponuka.

Enregistré dans:
Détails bibliographiques
Auteur principal: Kulifajová, Iveta
Autres auteurs: Jendeková, Jarmila
Format: Chapitre de livre
Langue:slovaque
Sujets:
Tags: Ajouter un tag
Pas de tags, Soyez le premier à ajouter un tag!

MARC

LEADER 00000naa$a2200000$$$4500
001 0080810
005 20230918125659.6
041 0 |a slo 
044 |a SK 
245 1 0 |a Centrum ďalšieho vzdelávania ekonomickej univerzity v Bratislave  |c Iveta Kulifajová, Jarmila Jendeková 
520 |a Charakteristika Centra ďalšieho vzdelávania Ekonomickej univerzity v Bratislave. Je súčasťou EU BA. Budovanie portfólia certifikátov aktivít . Centrum je nositeľom akreditácie MŠ SR. Inštitút ekonomického znalectva a expertíz. Vzdelávacia ponuka. 
610 2 0 |a vzdelávanie ďalšie 
610 2 0 |a univerzity 
610 2 0 |a certifikáty 
610 2 0 |a klienti 
100 1 |a Kulifajová, Iveta 
700 1 |a Jendeková, Jarmila